| 000 | 00409nam a2200133Ia 4500 | ||
|---|---|---|---|
| 003 | GCL | ||
| 008 | 140319s9999 xx 000 0 ara d | ||
| 040 |
_aGCL / _cGCL |
||
| 082 | 0 | 4 |
_a415.1 _bر ت |
| 100 | 1 | _aربيعة الكعبى | |
| 245 | 1 | 0 |
_aالتراكيب الاستثنائى فى القران الكريم دراسة نحوية بلاغية / _cربيعة الكعبى |
| 300 | _a193 ص | ||
| 490 | _a | ||
| 999 |
_c37813 _d37813 |
||